000
00263nam a2200097Ia 4500
005
20251222114344.0
008
251222s1900||||xx |||||||||||||| ||spa||
082
_a
DVD0126/B75
245
0
_a
Concierto de navidad: conjunto vocal instrumental Dulce Memoria.
942
_c
DVD
999
_c
971
_d
971